<?xml version="1.0" encoding="UTF-8"?>
<record
    xmlns:xsi="http://www.w3.org/2001/XMLSchema-instance"
    xsi:schemaLocation="http://www.loc.gov/MARC21/slim http://www.loc.gov/standards/marcxml/schema/MARC21slim.xsd"
    xmlns="http://www.loc.gov/MARC21/slim">

  <leader>02670nam a2200277 i 4500</leader>
  <controlfield tag="003">DO-SdBNP</controlfield>
  <controlfield tag="005">20260202091016.0</controlfield>
  <controlfield tag="007">ta</controlfield>
  <controlfield tag="008">230717b1997    dr ||||| |||| 00| 0 spa d</controlfield>
  <datafield tag="040" ind1=" " ind2=" ">
    <subfield code="a">DO-SdBNP</subfield>
    <subfield code="b">spa</subfield>
    <subfield code="c">BNPHU</subfield>
    <subfield code="e">rda</subfield>
  </datafield>
  <datafield tag="082" ind1=" " ind2="4">
    <subfield code="a">155.2</subfield>
    <subfield code="b">S583l</subfield>
    <subfield code="2">22</subfield>
  </datafield>
  <datafield tag="100" ind1="1" ind2=" ">
    <subfield code="a"> Sili&#xE9; Gat&#xF3;n, Jos&#xE9; A., </subfield>
    <subfield code="d">1920-2014</subfield>
    <subfield code="e">autor</subfield>
    <subfield code="9">747</subfield>
  </datafield>
  <datafield tag="245" ind1="1" ind2="0">
    <subfield code="a">Luz celeste :</subfield>
    <subfield code="b">temas morales /</subfield>
    <subfield code="c">Jos&#xE9; A. Sili&#xE9; Gat&#xF3;n ; pr&#xF3;logo, S&#xE9;rvulo Natera Candelario</subfield>
  </datafield>
  <datafield tag="264" ind1=" " ind2="1">
    <subfield code="a">Santo Domingo :</subfield>
    <subfield code="b">Banco Central de la Rep&#xFA;blica Dominicana,</subfield>
    <subfield code="c">1997.</subfield>
  </datafield>
  <datafield tag="300" ind1=" " ind2=" ">
    <subfield code="a">xi, 320 p&#xE1;ginas ;</subfield>
    <subfield code="c">23 cm.</subfield>
  </datafield>
  <datafield tag="336" ind1=" " ind2=" ">
    <subfield code="2">rdacontent</subfield>
    <subfield code="a">texto</subfield>
    <subfield code="b">txt</subfield>
  </datafield>
  <datafield tag="337" ind1=" " ind2=" ">
    <subfield code="2">rdamedia</subfield>
    <subfield code="a">sin mediaci&#xF3;n</subfield>
    <subfield code="b">n</subfield>
  </datafield>
  <datafield tag="338" ind1=" " ind2=" ">
    <subfield code="2">rdacarrier</subfield>
    <subfield code="a">volumen</subfield>
    <subfield code="b">nc</subfield>
  </datafield>
  <datafield tag="505" ind1="0" ind2=" ">
    <subfield code="a">Pr&#xF3;logo --</subfield>
    <subfield code="t">Introducci&#xF3;n --</subfield>
    <subfield code="r">Primera parte.</subfield>
    <subfield code="t">Progreso personal --</subfield>
    <subfield code="t">Desarrollo personal --</subfield>
    <subfield code="t">El desaf&#xED;o de hoy --</subfield>
    <subfield code="t">Conceptos b&#xE1;sicos --</subfield>
    <subfield code="t">Construya su destino --</subfield>
    <subfield code="t">Modos de ser --</subfield>
    <subfield code="t">Las propias iniciativas --</subfield>
    <subfield code="t">Mirada al porvenir --</subfield>
    <subfield code="t">Podemos triunfar --</subfield>
    <subfield code="t">Modo de avanzar --</subfield>
    <subfield code="t">Modos del pensamiento --</subfield>
    <subfield code="t">Probarse a s&#xED; mismo --</subfield>
    <subfield code="t">Idealidad --</subfield>
    <subfield code="t">El hombre actual --</subfield>
    <subfield code="t">Est&#xED;mulo de la cultura --</subfield>
    <subfield code="t">Formalidad --</subfield>
    <subfield code="t">Decisi&#xF3;n --</subfield>
    <subfield code="t">El poder de la persuasi&#xF3;n --</subfield>
    <subfield code="t">El placer de la compa&#xF1;&#xED;a --</subfield>
    <subfield code="t">Sensaciones humanas --</subfield>
    <subfield code="t">Valor de la contemplaci&#xF3;n --</subfield>
    <subfield code="t">Algo sobre la risa --</subfield>
    <subfield code="t">El destino com&#xFA;n --</subfield>
    <subfield code="t">Solidaridad --</subfield>
    <subfield code="g">Segunda parte.</subfield>
    <subfield code="t">La familia --</subfield>
    <subfield code="t">Relaci&#xF3;n familiar y sociedad --</subfield>
    <subfield code="t">Preservaci&#xF3;n de la salud --</subfield>
    <subfield code="t">La libertad --</subfield>
    <subfield code="t">Libertad y personalidad --</subfield>
    <subfield code="t">Derecho y libertad de m&#xE9;dicos y pacientes --</subfield>
    <subfield code="t">Personalidad adolescente --</subfield>
    <subfield code="t">C&#xF3;mo la gente se quiere m&#xE1;s --</subfield>
    <subfield code="t">Tratamiento social --</subfield>
    <subfield code="t">Rasgos diferentes de la juventud --</subfield>
    <subfield code="t">El arte de la amistad --</subfield>
    <subfield code="g">Tercera parte.</subfield>
    <subfield code="t">Moral social --</subfield>
    <subfield code="t">Normas de urbanidad --</subfield>
    <subfield code="t">Decencia personal --</subfield>
    <subfield code="t">El m&#xE9;rito de la disciplina --</subfield>
    <subfield code="t">El liderazgo --</subfield>
    <subfield code="t">La virtud del trabajo --</subfield>
    <subfield code="t">Signos de paz --</subfield>
    <subfield code="t">Elogio de la juventud --</subfield>
    <subfield code="g">Cuarta parte.</subfield>
    <subfield code="t">Relaciones sociales --</subfield>
    <subfield code="t">Una sociedad mejor --</subfield>
    <subfield code="t">La cuesti&#xF3;n electoral --</subfield>
    <subfield code="t">El aprendizaje --</subfield>
    <subfield code="t">Juventud y pol&#xED;tica --</subfield>
    <subfield code="t">La juventud y medio ambiente --</subfield>
    <subfield code="t">El joven maestro --</subfield>
    <subfield code="t">Justicia --</subfield>
    <subfield code="t">Los derechos humanos --</subfield>
    <subfield code="t">Educaci&#xF3;n institucional --</subfield>
    <subfield code="g">Quinta parte.</subfield>
    <subfield code="t">Aspectos conductuales --</subfield>
    <subfield code="t">Aliciente de la vida --</subfield>
    <subfield code="t">La timidez dominada --</subfield>
    <subfield code="t">Rectificaci&#xF3;n del comportamiento --</subfield>
    <subfield code="t">No al vicio degradante --</subfield>
    <subfield code="t">La no resignaci&#xF3;n --</subfield>
    <subfield code="t">Pasi&#xF3;n por la intriga --</subfield>
    <subfield code="t">No al delito --</subfield>
    <subfield code="t">Cuidado del lenguaje --</subfield>
    <subfield code="t">No a la apat&#xED;a --</subfield>
    <subfield code="t">No a la agresividad --</subfield>
    <subfield code="t">Esp&#xED;ritu de servicio --</subfield>
    <subfield code="t">Expresiones humanas negativas.</subfield>
  </datafield>
  <datafield tag="590" ind1=" " ind2=" ">
    <subfield code="a">Inventariado, 2023/BT</subfield>
  </datafield>
  <datafield tag="650" ind1=" " ind2="0">
    <subfield code="a">Desarrollo de la personalidad</subfield>
    <subfield code="9">1190</subfield>
  </datafield>
  <datafield tag="650" ind1=" " ind2="0">
    <subfield code="a">Relaciones humanas</subfield>
    <subfield code="9">606</subfield>
  </datafield>
  <datafield tag="700" ind1="1" ind2=" ">
    <subfield code="4">Natera Candelario, S&#xE9;rvulo,</subfield>
    <subfield code="a">prologuista</subfield>
    <subfield code="e">pr.</subfield>
    <subfield code="9">83782</subfield>
  </datafield>
  <datafield tag="910" ind1=" " ind2=" ">
    <subfield code="a">Btav&#xE1;rez</subfield>
  </datafield>
  <datafield tag="942" ind1=" " ind2=" ">
    <subfield code="2">ddc</subfield>
    <subfield code="c">LBS1</subfield>
  </datafield>
  <datafield tag="952" ind1=" " ind2=" ">
    <subfield code="0">0</subfield>
    <subfield code="1">0</subfield>
    <subfield code="2">ddc</subfield>
    <subfield code="5">1</subfield>
    <subfield code="7">0</subfield>
    <subfield code="8">PD</subfield>
    <subfield code="a">BNPHU</subfield>
    <subfield code="b">BNPHU</subfield>
    <subfield code="c">CT</subfield>
    <subfield code="d">2023-07-17</subfield>
    <subfield code="e">Donaci&#xF3;n</subfield>
    <subfield code="l">0</subfield>
    <subfield code="o">BNPHU PD 155.2 S583l</subfield>
    <subfield code="p">2023-4903</subfield>
    <subfield code="r">2023-07-17</subfield>
    <subfield code="w">2023-07-17</subfield>
    <subfield code="y">LBS1</subfield>
  </datafield>
  <datafield tag="952" ind1=" " ind2=" ">
    <subfield code="0">0</subfield>
    <subfield code="1">0</subfield>
    <subfield code="2">ddc</subfield>
    <subfield code="5">1</subfield>
    <subfield code="7">0</subfield>
    <subfield code="8">PD</subfield>
    <subfield code="a">BNPHU</subfield>
    <subfield code="b">BNPHU</subfield>
    <subfield code="c">CT</subfield>
    <subfield code="d">2025-10-09</subfield>
    <subfield code="e">Donado por el Colegio Nuestra Se&#xF1;ora de Lourdes</subfield>
    <subfield code="l">0</subfield>
    <subfield code="o">BNPHU PD 155.2 S583l</subfield>
    <subfield code="p">2025-11449</subfield>
    <subfield code="r">2025-10-09</subfield>
    <subfield code="t">e.2</subfield>
    <subfield code="w">2025-10-09</subfield>
    <subfield code="y">LBS1</subfield>
  </datafield>
  <datafield tag="952" ind1=" " ind2=" ">
    <subfield code="0">0</subfield>
    <subfield code="1">0</subfield>
    <subfield code="2">ddc</subfield>
    <subfield code="5">6</subfield>
    <subfield code="7">0</subfield>
    <subfield code="8">DS</subfield>
    <subfield code="a">BNPHU</subfield>
    <subfield code="b">BNPHU</subfield>
    <subfield code="c">CT</subfield>
    <subfield code="d">2025-10-09</subfield>
    <subfield code="e">Donado por Elsa N&#xFA;&#xF1;ez</subfield>
    <subfield code="l">0</subfield>
    <subfield code="o">BNPHU DS 155.2 S583l</subfield>
    <subfield code="p">2025-11450</subfield>
    <subfield code="r">2025-10-09</subfield>
    <subfield code="t">e.3</subfield>
    <subfield code="w">2025-10-09</subfield>
    <subfield code="y">LBS1</subfield>
  </datafield>
  <datafield tag="999" ind1=" " ind2=" ">
    <subfield code="c">54184</subfield>
    <subfield code="d">54184</subfield>
  </datafield>
</record>
